000 00325pab a2200121 454500
008 180718b2004 xxu||||| |||| 00| 0 eng d
100 _aFarr, James
245 _aThe science of politics - as civic education - then and now
260 _c2004
362 _aJan
773 _aPS: Political Science and Politics
909 _a60798
999 _c60798
_d60798